Score 0/18 Timer 03:00
2 Plays Today
Death Movies Missing Word % Correct
______ of the Caribbean: Dead Man's ChestPirates
99%
To Kill a ________ Mockingbird
97%
Kill _____: Vol. 2Bill
96.1%
Night of the ______ DeadLiving
91.4%
Four _______ and a FuneralWeddings
90.2%
Harry Potter and the Deathly ________Hallows
89.5%
Dead _____ SocietyPoets
89.4%
Dead Man ______Walking
86.5%
_____ M for MurderDial
78.4%
Death Movies Missing Word % Correct
______ at a FuneralDeath
77.7%
_____ of the DeadShaun
74.3%
Live _____ or Die HardFree
69.9%
Death _____ HerBecomes
67.9%
A _____ to a KillView
59.4%
Dead of _____Night
54.7%
_______ of a MurderAnatomy
40.1%
_____ Me DeadlyKiss
39.1%
______ by DeathMurder
32%

Today's Daily Dose

Missing Word
Domicile Things

Word Ladder
Rock Bottom

Get the Picture
Cocktails

Remove Ads.
Support Sporcle.
Get the best of Sporcle when you Go Orange. This ad-free experience offers more features, more stats, and more fun while also helping to support Sporcle. Thank you for becoming a member.

You're not logged in!

Compare scores with friends on all Sporcle quizzes.
OR
Log In

Sporcle TV

Today on Sporcle TV


Watch our educational content, quiz creation guides, and fun videos on Sporcle TV.

Show Comments

Extras

Top Quizzes Today


Score Distribution

Paid Content

Your Account Isn't Verified!

In order to create a playlist on Sporcle, you need to verify the email address you used during registration. Go to your Sporcle Settings to finish the process.

Report this User

Report this user for behavior that violates our Community Guidelines.

Details: